Animación sociocultural: cultura y territorio

Salvato in:
Dettagli Bibliografici
Autore principale: Puig Picart, Toni (Autore)
Natura: Libro
Lingua:spagnolo
Pubblicazione: Madrid Popular 1988
Serie:Promoción Cultural, 11
Soggetti:
Tags: Aggiungi Tag
Nessun Tag, puoi essere il primo ad aggiungerne!!

MARC

LEADER 00000nam a2200000 a 4500
001 UCX1240
003 CL-VaPUC
008 900627e19880000SP |||||||||||||||||spa|d
082 0 4 |a 306.4  |b PUI  |2 21 
100 0 |a Puig Picart, Toni  |e author  |9 316664 
245 1 0 |a Animación sociocultural: cultura y territorio 
300 |a 135 p 
942 |c BK 
945 |d 19900627 00:00:00 
260 |a Madrid  |b Popular  |c 1988 
650 0 |a Animación cultural   |9 310162 
651 0 |a España  |9 254926 
583 |a last modification  |c 19900627 00:00:00  |k Rodrigo Vera 
490 0 |a Promoción Cultural, 11 
999 |c 222516  |d 222514 
952 |0 0  |1 0  |4 0  |6 306_400000000000000_PUI_1988  |7 0  |8 A  |9 217365  |a BIBENE  |b BIBENE  |d 2019-11-15  |i 2863286  |o 306.4 PUI 1988  |p 2863286  |r 2025-01-15  |w 2019-11-15  |y BK  |k ICO